Τα γενέθλια του Τέντι

Αποθηκεύτηκε σε:
Λεπτομέρειες βιβλιογραφικής εγγραφής
Κύριος συγγραφέας: Faundez, Anne
Άλλοι συγγραφείς: Σακελλαρίου, Αναστασία (trlf), Ζούπα, Στέλλα (trlf)
Μορφή: Βιβλίο
Γλώσσα:Greek
English
Δημοσίευση: Αθήνα : Σαββάλας, c2005.
Σειρά:Αρχίζω να διαβάζω
Θέματα:
Ετικέτες: Προσθήκη ετικέτας
Δεν υπάρχουν, Καταχωρήστε ετικέτα πρώτοι!

MARC

LEADER 00000cam a2200000 a 4500
001 1/115350
008 171023t2004####gr | ||| |||| ||gre||
020 |a 9604236229 
040 |a GR-MyUa  |b gre  |c GR-MyUa  |e AACR2 
041 1 |a gre  |h eng 
082 7 |a 808.899282  |2 (23) 
100 1 |a Faundez, Anne. 
245 1 3 |a Τα γενέθλια του Τέντι /   |c Anne Faundez ; απόδοση κειμένου Αναστασία Σακελλαρίου ; Στέλλα Ζούπα.  
260 |a Αθήνα :   |b Σαββάλας,   |c c2005. 
300 |a 24 σ. :  |b έγχρ. εικ. ;   |c 22 εκ.  
490 1 |a (Αρχίζω να διαβάζω)  
500 |a Τίτλος πρωτοτύπου: Teddy's Birthday.  
650 0 |a Children's literature, Greek (Modern) 
700 1 |a Σακελλαρίου, Αναστασία,  |e trlf 
700 1 |a Ζούπα, Στέλλα,  |e trlf 
830 0 |a Αρχίζω να διαβάζω 
852 |a INST  |b SAMOS  |e 20171023  |h 808.899282 FAU  |p 005300044942  |q 005300044942  |t BK  |y 0 
970 |a Φιλιππή  |b Φάλη  |z 23-10-2017